Modificaciones propuestas por el IASB a la presentación del "otro resultado global" (Registro nro. 9338)

Detalles MARC
000 -LEADER
fixed length control field 00377 a2200109 4500
001 - CONTROL NUMBER
control field ART_8428
005 - DATE AND TIME OF LATEST TRANSACTION
control field 20260410161557.0
008 - FIXED-LENGTH DATA ELEMENTS--GENERAL INFORMATION
fixed length control field 260409a
100 1# - MAIN ENTRY--PERSONAL NAME
Personal name Subelet, Carlos Javier
245 10 - TITLE STATEMENT
Title Modificaciones propuestas por el IASB a la presentación del "otro resultado global"
773 0# - HOST ITEM ENTRY
Title Profesional & Empresaria
Related parts - Año XII, Nº 131 (ago. 2010)
Record control number REV70

No hay ítems disponibles.